003370000a220010900045001000020000002450042000203000037000627730013000999420008001129520090001209990017002101 aSahu, Satyarthi10aIndia : Family forums build community aNúm 39 (1993), Páginas 10-110 tTogether cANA 001040708HEMaFUSBCbFUSBCd2016-01-26l0o r2016-01-26 00:00:00w2016-01-26yANA c56272d56272